<?xml version="1.0" encoding="UTF-8"?>
<marc:record xmlns:marc="http://www.loc.gov/MARC21/slim">
   <marc:leader>00000nam a2200000 a 4500</marc:leader>
   <marc:datafield ind1="1" ind2=" " tag="100">
      <marc:subfield code="a">Baier, HIltrud</marc:subfield>
      <marc:subfield code="4">aut</marc:subfield>
      <marc:subfield code="e">Verfasser/-in</marc:subfield>
   </marc:datafield>
   <marc:datafield ind1="0" ind2="0" tag="245">
      <marc:subfield code="a">Emma und die fürchterlichen Fünf</marc:subfield>
   </marc:datafield>
   <marc:datafield ind1="0" ind2="0" tag="245">
      <marc:subfield code="c">HIltrud Baier ; mit Bildern von Cathy Ionescu</marc:subfield>
   </marc:datafield>
   <marc:datafield ind1=" " ind2="1" tag="264">
      <marc:subfield code="a">Frankfurt am Main</marc:subfield>
      <marc:subfield code="b">Sauerländer</marc:subfield>
      <marc:subfield code="c">2023</marc:subfield>
   </marc:datafield>
   <marc:datafield ind1="1" ind2=" " tag="520">
      <marc:subfield code="a">Emma liebt Pferde &#x96; daher staunt sie nicht schlecht, als eines Tages ein sprechendes Pony vor ihrer Haustür steht. Doch nicht nur das: Vierbeiner Klara hat großen Kummer, denn der Bauer, bei dem sie lebt, will sie in ein Altersheim stecken. Zusammen mit ihren vier Freunden, dem heiseren Hund Frieder, der zahnlosen Katze Susi, dem müffelnden Ziegenbock Waldemar und Hildegard, dem schwarz-weißen Schaf. Emma ist entsetzt und gemeinsam mit ihrem Bruder Hugo schmiedet sie einen Plan, denn: Den Fürchterlichen Fünf muss geholfen werden!</marc:subfield>
   </marc:datafield>
   <marc:datafield ind1=" " ind2=" " tag="020">
      <marc:subfield code="a">9783737361231</marc:subfield>
      <marc:subfield code="9">9783737361231</marc:subfield>
   </marc:datafield>
   <marc:datafield ind1=" " ind2=" " tag="020">
      <marc:subfield code="a">3737361231</marc:subfield>
      <marc:subfield code="9">3737361231</marc:subfield>
   </marc:datafield>
   <marc:datafield ind1=" " ind2=" " tag="300">
      <marc:subfield code="a">182 Seiten : Ill.</marc:subfield>
   </marc:datafield>
</marc:record>
